| 000 | 01093 a2200217 4500 | ||
|---|---|---|---|
| 005 | 20080923121214.0 | ||
| 008 | 080923t xxu||||| |||| 00| 0 hin d | ||
| 010 | _aHIN-81417 | ||
| 020 |
_a8176751790 _c350.00 |
||
| 035 | _aHN-53763 | ||
| 037 | _bपु.प्र.अ.प्र/प्रका | ||
| 082 | _a921 | ||
| 245 |
_aबाणभट्ट की आच्मकथाःपाठ और पुनर्पाठ _cसंपादक मधुरेश |
||
| 246 |
_aBaanbhatt ki Aatamkatha_Path aur Punarpath _bEd by Madhuresh |
||
| 260 |
_aपंचकूला _bआधार प्रकाशन _c2007 |
||
| 270 |
_aएस.सी.एफ 267, सेक्टर-16 _bपंचकूला (हरियाणा) _e134113 _maadhar_prakashan@yahoo.com |
||
| 300 |
_a300पृ _c22 सेमी (सजिल्द) |
||
| 700 | _aमधुरेश | ||
| 942 |
_adpl _cHN _k921 / बाणभ _2ddc _h921 _mबाणभ |
||
| 999 |
_c8372 _d8372 |
||